REAL MADRYT SKŁAD 22/23 - Statystyki

Ogólne statystyki
  • Ten quiz został rozwiązany 1 142 razy
  • Średni wynik to 15 z 23
Statystyki odpowiedzi
POZYCJA NAZWISKO % Poprawnych
NAPASTNIK Benzema
88%
POMOCNIK Modric
87%
BRAMKARZ Courtois
86%
BRAMKARZ Lunin
83%
OBROŃCA Alaba
82%
OBROŃCA Militao
82%
POMOCNIK Kroos
80%
NAPASTNIK Rodrygo
80%
OBROŃCA Rudiger
78%
POMOCNIK Camavinga
75%
OBROŃCA Carvajal
75%
OBROŃCA Mendy
75%
POMOCNIK Valverde
66%
POMOCNIK Tchouameni
58%
NAPASTNIK Asensio
53%
NAPASTNIK Hazard
51%
NAPASTNIK Mariano
51%
POMOCNIK Ceballos
47%
OBROŃCA Fernandez
45%
NAPASTNIK Vazquez
44%
OBROŃCA Vallejo
42%
NAPASTNIK Junior
36%
OBROŃCA Odriozola
27%
Nie znaleziono quizów pasujących do podanych kryteriów
Rozkład punktacji
Procent ludzi z każdym wynikiem
Percentyl według liczby udzielonych odpowiedzi
Twoja historia wyników
Nie rozwiązałeś tego quizu